Im Schatten der Geschichte
| Titel: | Im Schatten der Geschichte : historisch-politische Variationen aus zwanzig Jahren |
|---|---|
| Verfasser: | |
| Veröffentlicht: | Gütersloh : Bertelsmann-Club, [1986] |
| Umfang: | 352 S. |
| Format: | Buch |
| Sprache: | Deutsch |
| RVK-Notation: |
·
|
| Hinweise zum Inhalt: |
Inhaltsverzeichnis
Buch Bibliographie Cover Abstract |
X
alg: 425230 001A $06000:26-01-87 001B $01999:14-06-24 $t14:44:07.000 001C $06000:07-10-15 $t23:44:40.000 001D $00000:00-00-00 001U $0utf8 001X $00 002@ $0Aaxc 003@ $0004252306 003O $074796878 $aOCoLC 006G $0870136275 006U $087,B06,0651 007A $0870136275 $aDNB 007G $0DE02039AA183EB805251AC125891800437392 009P $qapplication/pdf $A2 $3Inhaltsverzeichnis $uhttp://scans.hebis.de/HEBCGI/show.pl?00425230_toc.pdf $mV:DE-603;B:DE-Mb50 009P $qapplication/pdf $A2 $3Buch Bibliographie $uhttp://scans.hebis.de/HEBCGI/show.pl?00425230_bib.pdf $mV:DE-603;B:DE-Mb50 009P $qapplication/pdf $A2 $3Cover $uhttp://scans.hebis.de/HEBCGI/show.pl?00425230_cov.pdf $mV:DE-603;B:DE-Mb50 009P $qapplication/pdf $A2 $3Abstract $uhttp://scans.hebis.de/HEBCGI/show.pl?00425230_sum.pdf $mV:DE-603;B:DE-Mb50 010@ $ager 011@ $a1986 $n[1986] 015@ $00 021A $a@Im Schatten der Geschichte $dhistorisch-politische Variationen aus zwanzig Jahren 028A $RPretzel, Raimund $#Haffner, Sebastian $#Haffner, Sebastjan $#Hepner, Sebasṭiʾan $#Chafner, Sebastian $#Chafner, Sebastʹjan $#Chaffner, Sebastian $#Chaphner, Sempastian $#Hafunā, Sebasuchian $#Hafunā, Sebasuchan $#Hafnėr, Sėbasʹcʹjan $#Hafnir, Sibāstīān $#Hafner, Sebastijan $#Hafuna $#Ha fu na $#Sai ba si ti an Ha fu na $#Saibasitian-Hafuna $#Hafuna, Saibasitian $#Sai ba si di an Ha fu na $#Saibasidian-Hafuna $#Hafuna, Saibasidian $#Je ba seu ti an Ha peu neo $#Jebaseutian-Hapeuneo $#Ha peu neo, Je ba seu ti an $#Hapeuneo, Jebaseutian $#Hap'ŭnŏ, Chebasŭt'ian $#Sai ba si ti an Ha fu ne $#Saibasitian-Hafune $#Hafune, Saibasitian $#Pretzel, Raimund $#セバスチァン・ハフナー $#ハフナー, セバスチャン $#제바스티안 하프너 $#하프너, 제바스티안 $7116370270 $8Haffner, Sebastian$Z1907-1999 [Tp1] $9086830651 033A $pGütersloh $nBertelsmann-Club 034D $a352 S. 037A $aLizenzausg. d. Dt. Verl.-Anst., Stuttgart 044K $RPretzel, Raimund $#Haffner, Sebastian $#Haffner, Sebastjan $#Hepner, Sebasṭiʾan $#Chafner, Sebastian $#Chafner, Sebastʹjan $#Chaffner, Sebastian $#Chaphner, Sempastian $#Hafunā, Sebasuchian $#Hafunā, Sebasuchan $#Hafnėr, Sėbasʹcʹjan $#Hafnir, Sibāstīān $#Hafner, Sebastijan $#Hafuna $#Ha fu na $#Sai ba si ti an Ha fu na $#Saibasitian-Hafuna $#Hafuna, Saibasitian $#Sai ba si di an Ha fu na $#Saibasidian-Hafuna $#Hafuna, Saibasidian $#Je ba seu ti an Ha peu neo $#Jebaseutian-Hapeuneo $#Ha peu neo, Je ba seu ti an $#Hapeuneo, Jebaseutian $#Hap'ŭnŏ, Chebasŭt'ian $#Sai ba si ti an Ha fu ne $#Saibasitian-Hafune $#Hafune, Saibasitian $#Pretzel, Raimund $#セバスチァン・ハフナー $#ハフナー, セバスチャン $#제바스티안 하프너 $#하프너, 제바스티안 $7116370270 $8Haffner, Sebastian$Z1907-1999 [Tp1] $9086830651 044K $RHerzogtum Preußen $#Preußen $#Preußen $#Brandenburg-Preußen $#Königreich Preußen $#Preußische Staaten $#Preußischer Staat $#Der @Preußische Staat $#Königlich Preußische Staaten $#Prusy Królewskie $#Königlich Preußen $#Prussia $74047194-9 $8Preußen [Tg1] $9085131652 044K $RDeutsches Sprachgebiet $RDeutschland $RDeutschland $#Deutsche Länder $#Germany Deutschland $#Heiliges Römisches Reich $#Rheinbund $#Deutscher Bund $#Norddeutscher Bund $#Deutsches Reich $#Deutschland Gebiet unter Alliierter Besatzung $#Deutschland Bundesrepublik, 1990- $#BRD 1990- $#Federal Republic of Germany Deutschland $#Republic of Germany Deutschland $#Allemagne Deutschland $#Ǧumhūrīyat Almāniyā al-Ittiḥādīya $#Bundesrepublik Deutschland 1990- $#BRD $#Niemcy $#République Fédérale d'Allemagne Deutschland $#Repubblica Federale di Germania Deutschland $#Germanija $#Federativnaja Respublika Germanija $#FRG $#Deyizhi-Lianbang-Gongheguo $74011882-4 $8Deutschland [Tg1] $9085025550 044K $#World history $#Histoire universelle $#Storia universale $#Historia universal $#Weltgeschichte $#Weltgeschichte $#Universalgeschichte $#Universalhistorie $#Geschichte Weltgeschichte $#Globalgeschichte $74079158-0 $8Weltgeschichte [Ts1] $908522457X 044K $RFeldzug $RWeltkrieg $#World War, 1939-1945 Campaigns Poland $#Guerre mondiale (1939-1945) Campagnes et batailles Pologne $#Deutsch-Polnischer Krieg 1939 $#Polnisch-Deutscher Krieg 1939 $#Sowjetisch-Polnischer Krieg 1939 $#Polnisch-Sowjetischer Krieg 1939 $#Kampania wrześniowa 1939 $#Überfall auf Polen $#Fall Weiß $74175002-0 $8Polenfeldzug$g1939 [Ts1] $9085817708 044K $RSchrifttum $RGeschichtswissenschaft $#Historiography $#Historiographie $#Historiographie $#Historiografie $#Historisierung $74020531-9 $8Geschichtsschreibung [Ts1] $9085049425 044K $RInternationaler Konflikt $ROst-West-Beziehungen $#Cold War $#Guerre froide $#Guerra fredda $#Guerra fría $#Kalter Krieg $#Ost-West-Konflikt $#Ost-West-Gegensatz $#West-Ost-Konflikt $#Kalter Krieg $74075770-5 $8Ost-West-Konflikt [Ts1] $9085214612 045E $a63 045F $a900.9430904 $eDDC23BSB 045F/01 $a900 045F/03 $f09034 045F/03 $f0904 045F/03 $g43 045F/03 $g4307 045Z $8NK 8200 [Tkv] $9410892181 045Z $8NK 8400 [Tkv] $9410892203 lok: 425230 24 exp: 425230 24 1 #EPN 201B/01 $024-11-22 $t16:12:30.000 201C/01 $023-08-22 201U/01 $0utf8 203@/01 $01212809874 208@/01 $a24-11-22 $bz 209A/01 $a22.06330 $du $f050 $h22 06330 $x00 209C/01 $a22.06330 G $h22 06330 G 209G/01 $a74651798 $x00 220C/01 $ahae 247C/01 $8358050-7Marburg, Bibliothek des Herder-Instituts Marburg $9102600961
| LEADER | 00000cam a22000002c 4500 | ||
|---|---|---|---|
| 001 | 004252306 | ||
| 003 | DE-603 | ||
| 005 | 20240614144407.0 | ||
| 007 | tu | ||
| 008 | 870126s1986 xx |||| | u00||u|ger | ||
| 015 | |a 87,B06,0651 |2 dnb | ||
| 016 | 7 | |2 DE-101 |a 870136275 | |
| 035 | |a (DE-599)DNB870136275 | ||
| 035 | |a (OCoLC)74796878 | ||
| 040 | |a DE-603 |b ger |c DE-603 |d DE-603 | ||
| 041 | |a ger | ||
| 082 | 0 | 4 | |8 1\u |a 900.9430904 |q DE-101 |2 23/BSB |
| 084 | |a 63 |q DE-101 |2 sdnb | ||
| 084 | |a NK 8200 |0 (DE-625)126249: |0 (DE-603)410892181 |2 rvk | ||
| 084 | |a NK 8400 |0 (DE-625)126251: |0 (DE-603)410892203 |2 rvk | ||
| 085 | |8 1\u |b 900 | ||
| 085 | |8 1\u |z 1 |s 09034 | ||
| 085 | |8 1\u |z 1 |s 0904 | ||
| 085 | |8 1\u |z 2 |s 43 | ||
| 085 | |8 1\u |z 2 |s 4307 | ||
| 100 | 1 | |a Haffner, Sebastian |d 1907-1999 |0 (DE-603)086830651 |0 (DE-588)116370270 |2 gnd | |
| 245 | 0 | 0 | |a Im Schatten der Geschichte |b historisch-politische Variationen aus zwanzig Jahren |
| 264 | 1 | |a Gütersloh |b Bertelsmann-Club |c [1986] | |
| 300 | |a 352 S. | ||
| 500 | |a Lizenzausg. d. Dt. Verl.-Anst., Stuttgart | ||
| 600 | 1 | 7 | |a Haffner, Sebastian |d 1907-1999 |0 (DE-588)116370270 |0 (DE-603)086830651 |2 gnd |
| 650 | 7 | |a Weltgeschichte |0 (DE-588)4079158-0 |0 (DE-603)08522457X |2 gnd | |
| 650 | 7 | |a Polenfeldzug |g 1939 |0 (DE-588)4175002-0 |0 (DE-603)085817708 |2 gnd | |
| 650 | 7 | |a Geschichtsschreibung |0 (DE-588)4020531-9 |0 (DE-603)085049425 |2 gnd | |
| 650 | 7 | |a Ost-West-Konflikt |0 (DE-588)4075770-5 |0 (DE-603)085214612 |2 gnd | |
| 651 | 7 | |a Preußen |0 (DE-588)4047194-9 |0 (DE-603)085131652 |2 gnd | |
| 651 | 7 | |a Deutschland |0 (DE-588)4011882-4 |0 (DE-603)085025550 |2 gnd | |
| 856 | 4 | 2 | |m V:DE-603;B:DE-Mb50 |q application/pdf |u http://scans.hebis.de/HEBCGI/show.pl?00425230_toc.pdf |3 Inhaltsverzeichnis |
| 856 | 4 | 2 | |m V:DE-603;B:DE-Mb50 |q application/pdf |u http://scans.hebis.de/HEBCGI/show.pl?00425230_bib.pdf |3 Buch Bibliographie |
| 856 | 4 | 2 | |m V:DE-603;B:DE-Mb50 |q application/pdf |u http://scans.hebis.de/HEBCGI/show.pl?00425230_cov.pdf |3 Cover |
| 856 | 4 | 2 | |m V:DE-603;B:DE-Mb50 |q application/pdf |u http://scans.hebis.de/HEBCGI/show.pl?00425230_sum.pdf |3 Abstract |
| 924 | 0 | |9 Mb 50 |a (DE-603)1212809874 |b DE-Mb50 |c HES |d c |g 22.06330 | |


